00610nam a2200181 a 4500008004100000020002200041100002800063245008800091260003100179300003400210500003600244650005000280700002300330700004800353003000100401005001700402040000900419  a0471812188 (pbk.)1 aSolomons, T. W. Graham.10aSolutions manual for Organic chemistry /cT. W. Graham Solomons, Jack E. Fernandez. aNew York :bWiley,cc1976. aiii, 314 p. :bill. ;c26 cm. aMain work by T. W. G. Solomons. 0aChemistry, OrganicxProblems, exercises, etc.1 aFernandez, Jack E.1 aSolomons, T. W. Graham.tOrganic chemistry.20230123133744.0 cNUST